American Countries Beginning with the Letters A M E R I C A S - Statistics

General Stats
  • This quiz has been taken 48 times
  • The average score is 12 of 14
Answer Stats
Hint Answer % Correct
E Ecuador
95%
A Antigua and Barbuda
93%
A Argentina
93%
C Canada
91%
C Costa Rica
86%
C Cuba
86%
M Mexico
86%
S Saint Kitts and Nevis
84%
S Saint Lucia
84%
C Colombia
80%
E El Salvador
77%
S Saint Vincent and the Grenadines
77%
C Chile
75%
S Suriname
75%
No matching quizzes found
Score Distribution
Percent of People with Each Score
Percentile by Number Answered
Your Score History
You have not taken this quiz